| 000 | 00601nam a2200193 i 4500 | ||
|---|---|---|---|
| 001 | bg | ||
| 245 | 0 | 0 |
_aKatalog innovacionnych proektov i razrabotok organizacij Nacional'noj Akademii Nauk Belarusi 2001-2005. / _cNacional'naja Akademia Nauk Belarusi. |
| 260 |
_aMinsk : _b"Beloruskaja nauka", _c2006. |
||
| 300 |
_a923 s. : _bfot. ; _c20 cm. |
||
| 650 | 9 |
_aInnowacje _zBiałoruś |
|
| 655 | _aKatalogi | ||
| 020 | _a9850807040 | ||
| 040 | _cBPK | ||
| 041 | 0 | _arus | |
| 080 | _a001.89(476)"2001/2005"(085) | ||
| 920 | _a985-08-0704-0 | ||
| 942 | _cKA | ||
| 008 | s pl f |000 0 pol | ||
| 999 |
_c35200 _d35200 |
||